000
00288 a2200145 4500
001
165685
020
_a
040
_c
Magnum
100
_a
Brown, Nikki
240
1
0
_a
Carlas dream
_l
ING
245
1
0
_a
Carlas dream
362
0
_a
1899
697
_a
LITERATURA ESTRANGEIRA
942
_c
BK
999
_c
165685
_d
165685